| 000 | 00000nas 2200000za 4500 |
| 001 | 9.864497 |
| 003 | CaOODSP |
| 005 | 20221107161546 |
| 007 | cr ||||||||||| |
| 008 | 181108d19601984oncar p oss f000#b0fre| |
| 022 | # |y0575-9056 |
| 040 | |aCaOODSP|bfre |
| 041 | |aeng|afre |
| 043 | |an-cn--- |
| 086 | 1 |aCS35-208-PDF |
| 130 | 0 |aMiscellaneous wood industries (Final) |
| 245 | 00|aMiscellaneous wood industries |h[ressource électronique] = |bLes industries diverses du bois. |
| 246 | 11|aLes industries diverses du bois |
| 260 | |aOttawa : |bDominion Bureau of Statistics, Industry and Merchandising Division = Bureau fédéral de la statistique, Division de l'industrie et du commerce, |c1962-1987. |
| 300 | |a25 v. |
| 310 | |aAnnuel |
| 362 | 0 |a1960-1984. |
| 490 | 0 |aAnnual census of manufactures = Recensement annuel des manufactures |
| 500 | |aÉdition numérisée de l’imprimé [par Statistique Canada] |
| 546 | |aTexte en anglais et en français. |
| 550 | |aPublié 1961-1964 par la Division de l'industrie; 1965-1969, par la Division des industries manufacturières et primaires; 1970-1978, par Statistique Canada, Division des industries manufacturières et primaires; 1979-1982 par la Section des machines, du bois et des produits en métal; 1983-1984 par la Section du recensement des manufactures. |
| 580 | |aA absorbé : Coffin and casket industry. |
| 580 | |aFait suite après scission à: Miscellaneous wood-using industries. |
| 580 | |aFusionné avec: Sawmill, planing mill and shingle mill products industries; Sash, door and other millwork industries; et, Veneer and plywood industries, et devient: Wood industries. |
| 692 | 07|2gccst|aIndustrie du bois |
| 710 | 1 |aCanada. |bBureau fédéral de la statistique. |bDivision de l'industrie et du commerce. |
| 710 | 1 |aCanada. |bBureau fédéral de la statistique. |bDivision de l'industrie. |
| 710 | 1 |aCanada. |bBureau fédéral de la statistique. |bDivision des industries manufacturières et primaires. |
| 710 | 1 |aCanada. |bStatistique Canada. |bSection du recensement des manufactures. |
| 710 | 1 |aCanada. |bStatistique Canada. |bSection des machines, du bois et des produits en métal. |
| 710 | 1 |aCanada. |bStatistique Canada. |bDivision des industries manufacturières et primaires. |
| 780 | 00|tThe miscellaneous wood-using industries |w(CaOODSP)9.864513 |
| 780 | 00|tWooden box factories |w(CaOODSP)9.864551 |
| 780 | 00|tCoffin and casket industry |w(CaOODSP)9.864559 |
| 785 | 00|tWood industries |w(CaOODSP)9.864662 |
| 791 | |tMiscellaneous wood industries |eeng|w(CaOODSP)9.864496 |